| 000 | 00394nam a2200169Ia 4500 | ||
|---|---|---|---|
| 005 | 20250603144613.0 | ||
| 008 | 250603s9999 xx 000 0 und d | ||
| 050 | _aKD 622 .A4/ | ||
| 100 | _aAl-asqalani Alhafiz bin hajr | ||
| 245 | 0 | _aBulug Al-maram | |
| 260 | _aCairo-Egypt. | ||
| 260 | _bQudes publisher. | ||
| 260 | _c2010 | ||
| 300 | _a314 p | ||
| 650 | _aCairo-Egypt. | ||
| 942 | _cBK | ||
| 999 |
_c39413 _d39413 |
||